Regions of Hungary Map Quiz - Statistics

General Stats
  • This quiz has been taken 113 times
  • The average score is 6 of 8
Answers on the Map
Answers color-coded by a green-red scale on the quiz's map according to % correct below.
 
Answer Stats
Answer % Correct
Budapest
92%
Pest
76%
Western Transdanubia
76%
Southern Great Plain
73%
Northern Great Plain
68%
Northern Hungary
68%
Southern Transdanubia
68%
Central Transdanubia
65%
No matching quizzes found
Score Distribution
Percent of People with Each Score
Percentile by Number Answered
Your Score History
You have not taken this quiz